| 000 | 00373nam a2200145Ia 4500 | ||
|---|---|---|---|
| 999 |
_c3342 _d3342 |
||
| 008 | 200103s 2006 ||||xx |||||||||||||| ||und|| | ||
| 020 | _a9789280142143 | ||
| 082 |
_a348.023 _bIMO |
||
| 100 | _aIMO | ||
| 245 | 0 | _aInternational maritime dangerous goods code : IMDG code. Vol. 2 | |
| 250 | _aVol. II | ||
| 260 |
_bIMO _c2006 _aLondon |
||
| 300 | _a334P. | ||
| 942 | _cBK | ||